000 004140000a22001690004500
003 MACL
005 20151227123346.0
008 151227b xxu||||| |||| 00| 0 eng d
040 _aMACL
_cMACL
041 _aEnglish
082 _a001/ATU
100 _aSwami Atulananda
_923079
245 _aAtman Alone Abides
260 _bSri Ramakrishna Math
_c1978
650 _aPhilosophy
_923080
942 _cBK
_k001/ATU
_2ddc
999 _c34091
_d34091